书目信息 |
| 题名: |
夫妻与性
|
|
| 作者: | 吴尚纯 主编 | |
| 分册: | ||
| 出版信息: | 北京 大众文艺出版社 1999 |
|
| 页数: | 402页 | |
| 开本: | 20cm | |
| 丛书名: | 大众生命·生育·生活教育丛书 | |
| 单 册: | ||
| 中图分类: | R167 | |
| 科图分类: | ||
| 主题词: | 个人卫生 | |
| 电子资源: | ||
| ISBN: | 7-80094-726-2 | |
| 000 | 00623nam0 2200217 450 | |
| 001 | 0731824657 | |
| 005 | 20070730143809.04 | |
| 010 | @a7-80094-726-2@dCNY22.80 | |
| 100 | @a20070729d1999 km y0chiy0120 ea | |
| 101 | 0 | @achi |
| 102 | @aCN@b110000 | |
| 200 | 1 | @a夫妻与性@Afu qi yu xing@f吴尚纯主编@Fwu shang chun zhu bian |
| 210 | @a北京@c大众文艺出版社@d1999 | |
| 215 | @a402页@d20cm | |
| 225 | @a大众生命·生育·生活教育丛书 | |
| 410 | 0 | @12001 @a大众生命·生育·生活教育丛书 |
| 606 | 0 | @a个人卫生 |
| 690 | @aR167@v3 | |
| 701 | 0 | @a吴尚纯@Awu shang chun@4主编 |
| 801 | 0 | @aCN@bPFT@c20070730 |
| 905 | @a10447@dR167@e167 | |
| 夫妻与性/吴尚纯主编.-北京:大众文艺出版社,1999 |
| 402页;20cm.-(大众生命·生育·生活教育丛书) |
| ISBN 7-80094-726-2:CNY22.80 |
| ● |
| 相关链接 |
|
|
|
|
正题名:夫妻与性
索取号:R167/167
 
预约/预借
| 序号 | 登录号 | 条形码 | 馆藏地/架位号 | 状态 | 备注 |
| 1 | 0789519 | 207895198 | 第二样本阅览室/ [索取号:R167/167] | 在馆 |